[Event "BCF-chT2a 1718 (4NCL)"]
[Site "England"]
[Date "2018.01.14"]
[Round "4.24"]
[White "Sun, Xinyue"]
[Black "Willson, Ollie"]
[Result "1/2-1/2"]
[WhiteElo "2146"]
[BlackElo "2087"]
[PlyCount "103"]
[EventDate "2017.11.11"]
[EventType "team-tourn"]
[EventRounds "7"]
[EventCountry "ENG"]
[SourceTitle "EXT 2020"]
[Source "ChessBase"]
[SourceDate "2019.10.17"]
[SourceVersion "1"]
[SourceVersionDate "2019.10.17"]
[SourceQuality "1"]
[WhiteTeam "Kings Head"]
[BlackTeam "Sussex Martlets"]
[WhiteTeamCountry "ENG"]
[BlackTeamCountry "ENG"]

1. e4 Nf6 2. e5 Nd5 3. c4 Nb6 4. d4 d6 5. exd6 exd6 6. Nc3 Be7 7. Bd3 Nc6 8. Nge2 Bg4 9. Be3 Bh5 10. 0-0 0-0 11. b3 Re8 12. Qd2 Bg6 13. Bxg6 hxg6 14. Rfd1 Bf8 15. Rac1 Nc8 16. Ng3 N8e7 17. Bg5 Qd7 18. d5 Ne5 19. h3 Nf5 20. Nge4 Qc8 21. Re1 a6 22. Na4 b6 23. b4 a5 24. Rb1 Nxc4 25. Qc3 b5 26. bxa5 Rxa5 27. Nb2 Rxa2 28. Nxc4 bxc4 29. Qxc4 Ra8 30. Rbc1 Qb7 31. f3 Rac8 32. Rb1 Qa7+ 33. Kh2 Qd4 34. Qc6 Re5 35. Red1 Qa7 36. Bf4 Ree8 37. Rb7 Qa8 38. Rxc7 Rxc7 39. Qxc7 Rc8 40. Qb6 Rc2 41. Qb3 Qa2 42. Qxa2 Rxa2 43. Rb1 Ra5 44. g4 Nd4 45. Bxd6 Rxd5 46. Rb8 Ne6 47. Bxf8 Nxf8 48. g5 Re5 49. Kg3 Re6 50. Rd8 f5 51. Nc5 Re7 52. Nd3 1/2-1/2

[Event "BCF-chT2a 1718 (4NCL)"]
[Site "England"]
[Date "2018.01.13"]
[Round "3.44"]
[White "Burnett, Jim"]
[Black "Sun, Xinyue"]
[Result "1/2-1/2"]
[WhiteElo "2103"]
[BlackElo "2146"]
[PlyCount "181"]
[EventDate "2017.11.11"]
[EventType "team-tourn"]
[EventRounds "7"]
[EventCountry "ENG"]
[SourceTitle "EXT 2020"]
[Source "ChessBase"]
[SourceDate "2019.10.17"]
[SourceVersion "1"]
[SourceVersionDate "2019.10.17"]
[SourceQuality "1"]
[WhiteTeam "White Rose II"]
[BlackTeam "Kings Head"]
[WhiteTeamCountry "ENG"]
[BlackTeamCountry "ENG"]

1. d4 Nf6 2. c4 e6 3. Nf3 b6 4. a3 Bb7 5. Nc3 Be7 6. d5 d6 7. e4 0-0 8. Be2 Re8 9. 0-0 Nbd7 10. Qc2 c6 11. dxe6 fxe6 12. Ng5 Bf8 13. f4 h6 14. Nf3 Qc7 15. Kh1 Rad8 16. Be3 e5 17. Rad1 Ng4 18. Bc1 Be7 19. f5 Ngf6 20. b4 Nf8 21. Rg1 d5 22. Bd3 dxe4 23. Nxe4 N8d7 24. Bb2 Nxe4 25. Bxe4 Bd6 26. Rge1 a5 27. Qb3 Kh8 28. Nh4 Nf6 29. Ng6+ Kh7 30. bxa5 Nxe4 31. Rxe4 c5 32. axb6 Qf7 33. Re2 Qxf5 34. Nh4 Qg4 35. Nf3 e4 36. Ng1 e3 37. Rf1 Qh5 38. Qc2+ Qg6 39. Qxg6+ Kxg6 40. Bc1 Re4 41. Rxe3 Rxc4 42. Re6+ Kh7 43. Rd1 Rd4 44. Rxd4 cxd4 45. Nf3 d3 46. h3 Bc5 47. Re5 Bxb6 48. Rb5 Bxf3 49. Rxb6 Be4 50. Rb2 Bc6 51. Kg1 Ba4 52. Rd2 Bc2 53. Bb2 Kg6 54. Kf2 Rd7 55. Ke3 Re7+ 56. Kd4 Rd7+ 57. Ke4 Kg5 58. Bd4 Re7+ 59. Kf3 Kf5 60. Bc3 Rc7 61. Bb4 Ke5 62. Ke3 Kd5 63. Rf2 Kc4 64. Kd2 Kb3 65. Bd6 Rc6 66. Bb4 g6 67. g4 Kb2 68. Rf1 Re6 69. Rf2 h5 70. gxh5 gxh5 71. Rg2 Re4 72. Rf2 h4 73. Rg2 Rf4 74. Rh2 Rf1 75. Bc5 Rd1+ 76. Ke3 Kc1 77. Bb4 Rg1 78. Bd2+ Kd1 79. Kd4 Rg6 80. Kc3 Rc6+ 81. Kd4 Ra6 82. Bb4 Ra8 83. Ke3 Re8+ 84. Kd4 Bb1 85. a4 Re2 86. Rxe2 dxe2 87. a5 Bf5 88. Ke3 e1Q+ 89. Bxe1 Kxe1 90. Kf4 Bxh3 91. Kg5 1/2-1/2

[Event "GBR-ch 104th"]
[Site "Llandudno"]
[Date "2017.08.06"]
[Round "9"]
[White "Sun, Xinyue"]
[Black "Willson, Ollie"]
[Result "1-0"]
[WhiteElo "2132"]
[BlackElo "2032"]
[PlyCount "111"]
[EventDate "2017.07.29"]
[EventType "swiss"]
[EventRounds "9"]
[EventCountry "WLS"]
[SourceTitle "CBM 179 Extra"]
[Source "ChessBase"]
[SourceDate "2017.08.23"]
[SourceVersion "1"]
[SourceVersionDate "2017.08.23"]
[SourceQuality "1"]

1. e4 c5 2. Nf3 e6 3. d4 cxd4 4. Nxd4 Nc6 5. Nc3 Qc7 6. Be2 a6 7. 0-0 Nf6 8. Kh1 b5 9. Nxc6 dxc6 10. f4 Bb7 11. Bf3 Be7 12. e5 Nd5 13. Ne4 Rd8 14. Qe2 b4 15. c4 bxc3 16. bxc3 a5 17. Rb1 0-0 18. Bd2 c5 19. Ng3 g6 20. f5 exf5 21. Rxb7 Qxb7 22. c4 Qb2 23. cxd5 Qxa2 24. Bh6 Qxe2 25. Nxe2 Rfe8 26. d6 Bxd6 27. exd6 Rxd6 28. Ra1 Ra6 29. h4 a4 30. Ra3 Rb8 31. Nc3 Rb4 32. Be3 Rxh4+ 33. Kg1 Ra5 34. Nd5 Rc4 35. Nb6 Rb4 36. Bd2 Rb1+ 37. Kh2 Rb3 38. Rxa4 Rxa4 39. Nxa4 c4 40. Nc3 Kg7 41. Bd5 Rb2 42. Be3 Rc2 43. Bxc4 f6 44. Bd4 g5 45. Be6 Rd2 46. Be3 Rd3 47. Nd5 f4 48. Bc5 f3 49. g4 h5 50. gxh5 g4 51. Kg3 Rd2 52. Nf4 Rc2 53. Bf2 Kh6 54. Bxg4 Kg5 55. Ne6+ Kh6 56. Be3+ 1-0

[Event "GBR-ch 104th"]
[Site "Llandudno"]
[Date "2017.08.05"]
[Round "8"]
[White "Willmoth, Robert"]
[Black "Sun, Xinyue"]
[Result "1-0"]
[WhiteElo "2211"]
[BlackElo "2132"]
[PlyCount "73"]
[EventDate "2017.07.29"]
[EventType "swiss"]
[EventRounds "9"]
[EventCountry "WLS"]
[SourceTitle "CBM 179 Extra"]
[Source "ChessBase"]
[SourceDate "2017.08.23"]
[SourceVersion "1"]
[SourceVersionDate "2017.08.23"]
[SourceQuality "1"]

1. d4 Nf6 2. c4 e6 3. g3 d5 4. Bg2 dxc4 5. Qa4+ Bd7 6. Qxc4 Bc6 7. Nf3 Bd6 8. Nc3 a6 9. Qd3 b5 10. a3 Nbd7 11. 0-0 Bb7 12. Rd1 c5 13. Bg5 Qb6 14. e4 cxd4 15. Nxd4 Ne5 16. Qe2 Nfd7 17. Be3 Bc5 18. b4 Bxd4 19. Bxd4 Qc7 20. f4 Nc6 21. Bxg7 Rg8 22. Nd5 exd5 23. exd5+ Ne7 24. d6 Qb6+ 25. Rd4 0-0-0 26. dxe7 Rde8 27. Rc1+ Kb8 28. Be5+ Nxe5 29. Qxe5+ Ka8 30. Bxb7+ Kxb7 31. Qd5+ Ka7 32. Rc6 Qb7 33. Qc5+ Ka8 34. Rc7 Rc8 35. Rxb7 Rxc5 36. bxc5 Kxb7 37. Rd8 1-0

[Event "GBR-ch 104th"]
[Site "Llandudno"]
[Date "2017.08.03"]
[Round "6"]
[White "Lentzos, Ioanis"]
[Black "Sun, Xinyue"]
[Result "1/2-1/2"]
[WhiteElo "2038"]
[BlackElo "2132"]
[PlyCount "43"]
[EventDate "2017.07.29"]
[EventType "swiss"]
[EventRounds "9"]
[EventCountry "WLS"]
[SourceTitle "CBM 179 Extra"]
[Source "ChessBase"]
[SourceDate "2017.08.23"]
[SourceVersion "1"]
[SourceVersionDate "2017.08.23"]
[SourceQuality "1"]

1. c4 e5 2. Nc3 Nf6 3. Nf3 d6 4. d3 Be7 5. g3 0-0 6. Bg2 c6 7. 0-0 Qc7 8. Bd2 h6 9. b4 Be6 10. Ne1 d5 11. cxd5 cxd5 12. Rc1 Qd7 13. Nf3 Bd6 14. d4 exd4 15. Nxd4 Bxb4 16. Qb3 Na6 17. Rfd1 Bxc3 18. Bxc3 Nc5 19. Qb4 Nce4 20. Nxe6 Qxe6 21. Bxf6 Nxf6 22. Qxb7 1/2-1/2

[Event "GBR-ch 104th"]
[Site "Llandudno"]
[Date "2017.07.30"]
[Round "2"]
[White "Haridas, Girinath"]
[Black "Sun, Xinyue"]
[Result "0-1"]
[WhiteElo "1977"]
[BlackElo "2132"]
[PlyCount "82"]
[EventDate "2017.07.29"]
[EventType "swiss"]
[EventRounds "9"]
[EventCountry "WLS"]
[SourceTitle "CBM 179 Extra"]
[Source "ChessBase"]
[SourceDate "2017.08.23"]
[SourceVersion "1"]
[SourceVersionDate "2017.08.23"]
[SourceQuality "1"]

1. d4 Nf6 2. c4 e6 3. Nc3 Bb4 4. e3 0-0 5. Nge2 d5 6. a3 Be7 7. cxd5 exd5 8. Nf4 b6 9. Bd3 Bb7 10. 0-0 c5 11. Re1 Bd6 12. Qf3 Re8 13. Nb5 Nc6 14. Bd2 Bb8 15. Ne2 Ne4 16. Red1 Qh4 17. g3 Qh6 18. Be1 Ng5 19. Qg2 Qh5 20. g4 Qxh2+ 21. Qxh2 Nf3+ 22. Kg2 Nxh2 23. f3 Rxe3 24. Ng1 a6 25. Bf2 Re6 26. Nc3 Nxd4 27. Bxd4 cxd4 28. Nce2 h5 29. Ng3 hxg4 30. Kxh2 gxf3 31. Nxf3 Re3 32. Kg2 g6 33. Nf1 Re7 34. Re1 Bd6 35. Nxd4 Rae8 36. Rxe7 Rxe7 37. Rd1 Be5 38. Bc2 Bxd4 39. Rxd4 Re2+ 40. Kf3 Rxc2 41. Ne3 Rxb2 0-1

[Event "BCF-chT1d 1617 (4NCL) Demotion pool"]
[Site "England"]
[Date "2017.04.30"]
[Round "10.83"]
[White "Coathup, Roger"]
[Black "Sun, Xinyue"]
[Result "1-0"]
[WhiteElo "2159"]
[BlackElo "2080"]
[PlyCount "85"]
[EventDate "2016.11.19"]
[EventType "team-tourn"]
[EventRounds "4"]
[EventCountry "ENG"]
[SourceTitle "EXT 2018"]
[Source "ChessBase"]
[SourceDate "2017.10.13"]
[SourceVersion "1"]
[SourceVersionDate "2017.10.13"]
[SourceQuality "1"]
[WhiteTeam "North East England"]
[BlackTeam "Kings Head"]
[WhiteTeamCountry "ENG"]
[BlackTeamCountry "ENG"]

1. c4 e6 2. g3 Nf6 3. Bg2 d5 4. Nf3 Be7 5. 0-0 0-0 6. b3 a5 7. Nc3 d4 8. Nb5 Nc6 9. e3 d3 10. a3 Nd7 11. Bb2 e5 12. Qb1 e4 13. Nfd4 Nxd4 14. Nxd4 Nf6 15. f3 c5 16. Nb5 exf3 17. Bxf3 Bh3 18. Bxb7 a4 19. b4 Rb8 20. Bg2 Bxg2 21. Kxg2 Ne4 22. Qd1 Qd7 23. Rf4 Ng5 24. Qg4 f5 25. Qh5 Rb6 26. h4 Rh6 27. Qd1 Ne4 28. Nc3 Bd6 29. Nxe4 fxe4 30. Qg4 Qxg4 31. Rxg4 Rg6 32. Rxg6 hxg6 33. bxc5 Bxc5 34. Bd4 Bd6 35. c5 Bc7 36. Rb1 Rb8 37. Rb4 Kf7 38. Rxa4 Ke8 39. Ra7 Kd8 40. Rxc7 Kxc7 41. Be5+ Kc8 42. Bxb8 Kxb8 43. g4 1-0

[Event "BCF-chT1a 1617 (4NCL)"]
[Site "England"]
[Date "2017.02.11"]
[Round "5.33"]
[White "Flear, Glenn C"]
[Black "Sun, Xinyue"]
[Result "1-0"]
[WhiteElo "2430"]
[BlackElo "2080"]
[PlyCount "111"]
[EventDate "2016.11.19"]
[EventType "team-tourn"]
[EventRounds "7"]
[EventCountry "ENG"]
[SourceTitle "EXT 2018"]
[Source "ChessBase"]
[SourceDate "2017.10.13"]
[SourceVersion "1"]
[SourceVersionDate "2017.10.13"]
[SourceQuality "1"]
[WhiteTeam "Guildford II"]
[BlackTeam "Kings Head"]
[WhiteTeamCountry "ENG"]
[BlackTeamCountry "ENG"]

1. d4 Nf6 2. c4 e6 3. Nf3 b6 4. e3 Bb7 5. Bd3 Bb4+ 6. Nbd2 0-0 7. 0-0 d5 8. b3 Nbd7 9. Bb2 Ne4 10. Qc2 f5 11. a3 Bd6 12. b4 Nxd2 13. Nxd2 dxc4 14. Nxc4 Bxh2+ 15. Kxh2 Qh4+ 16. Kg1 Bxg2 17. f3 Rf6 18. Qxg2 Rg6 19. Qxg6 hxg6 20. Kg2 f4 21. exf4 Qxf4 22. Rae1 Nf6 23. Rxe6 Qg5+ 24. Kf2 Qh4+ 25. Ke2 Nh5 26. Kd2 Nf4 27. Re4 Qh2+ 28. Be2 c5 29. Ne5 Nxe2 30. Rxe2 Qf4+ 31. Kd3 cxd4 32. Bxd4 Qf5+ 33. Re4 a5 34. b5 Qe6 35. Nc4 Qh3 36. Rf2 Rf8 37. Ke3 Qh1 38. Bxb6 Qe1+ 39. Kd3 Qb1+ 40. Kc3 Qxb5 41. Bxa5 Qb1 42. Bb4 Rd8 43. Rd2 Qc1+ 44. Kb3 Qb1+ 45. Nb2 Rc8 46. Rd7 Qf1 47. Ree7 Qxf3+ 48. Ka2 Qf6 49. Bd6 Ra8 50. Be5 Qa6 51. Rxg7+ Kf8 52. Bd6+ Qxd6 53. Rxd6 Kxg7 54. Nd3 g5 55. Ne5 Kh7 56. Rg6 1-0

[Event "London Classic op 8th"]
[Site "London"]
[Date "2016.12.14"]
[Round "7"]
[White "Sun, Xinyue"]
[Black "Buchicchio, Giampaolo"]
[Result "1-0"]
[WhiteElo "2082"]
[BlackElo "2262"]
[PlyCount "101"]
[EventDate "2016.12.09"]
[EventType "swiss"]
[EventRounds "9"]
[EventCountry "ENG"]
[SourceTitle "CBM 176 Extra"]
[Source "ChessBase"]
[SourceDate "2017.03.02"]
[SourceVersion "1"]
[SourceVersionDate "2017.03.02"]
[SourceQuality "1"]

1. e4 e6 2. d4 b6 3. Nc3 Bb7 4. Bf4 d6 5. Nf3 Nd7 6. Bd3 c6 7. a4 Qc7 8. e5 d5 9. Ng5 g6 10. Qf3 Ne7 11. Bg3 Nf5 12. Bxf5 gxf5 13. Qh5 Nb8 14. Nxe6 Qd7 15. Ng5 Qe7 16. Bh4 Nd7 17. e6 0-0-0 18. Qxf7 Nb8 19. Qxf5 Bg7 20. Nf3 Rdf8 21. Bxe7 Rxf5 22. Bh4 Re8 23. 0-0 Bf6 24. Bg3 Rxe6 25. Rfe1 Rxe1+ 26. Rxe1 Na6 27. Be5 Bd8 28. Ne2 c5 29. Ng3 Rf7 30. c3 Bc6 31. b3 c4 32. bxc4 dxc4 33. Ne4 Rf8 34. Nd6+ Kd7 35. Nxc4 Bxf3 36. gxf3 Rxf3 37. Re3 Rf7 38. f4 Kc6 39. Nd6 Rd7 40. Nb5 Kd5 41. Rg3 Nc7 42. c4+ Kxc4 43. Bxc7 a6 44. Bxd8 axb5 45. Bxb6 b4 46. Ba5 Rxd4 47. f5 Rf4 48. f6 h5 49. Rh3 h4 50. f7 Kc5 51. Rxh4 1-0

[Event "World University-ch (Women) 13th"]
[Site "Katowice"]
[Date "2014.08.22"]
[Round "6"]
[White "Gevorgyan, Maria"]
[Black "Sun, Xinyue"]
[Result "1-0"]
[WhiteElo "2130"]
[BlackElo "2042"]
[PlyCount "89"]
[EventDate "2014.08.18"]
[EventType "swiss"]
[EventRounds "9"]
[EventCountry "POL"]
[SourceTitle "CBM 161 Extra"]
[Source "ChessBase"]
[SourceDate "2014.08.29"]
[SourceVersion "1"]
[SourceVersionDate "2014.08.29"]
[SourceQuality "1"]

1. e4 c5 2. Nc3 Nc6 3. Bb5 Nd4 4. Bc4 e6 5. Nge2 a6 6. a4 Nf6 7. 0-0 d5 8. exd5 exd5 9. Ba2 Bd6 10. d3 Ne6 11. Ng3 Bxg3 12. hxg3 0-0 13. g4 d4 14. Ne4 Nxe4 15. dxe4 b5 16. Qe2 Qb6 17. Bd5 Bb7 18. Bxb7 Qxb7 19. Ra3 c4 20. Rh3 Rfd8 21. f3 d3 22. Qf2 bxa4 23. Rh5 dxc2 24. Qxc2 Qb3 25. Qe2 Rd3 26. Kh2 Qb4 27. Qf2 Rad8 28. Be3 Qe7 29. Rc1 Qc7+ 30. f4 Rd1 31. Rc2 Nd4 32. Rc3 h6 33. g5 hxg5 34. Rxg5 Nb5 35. Bb6 Qc6 36. Rcg3 Qh6+ 37. Rh3 R8d2 38. Rxh6 Rxf2 39. Bxf2 c3 40. bxc3 g6 41. Bd4 Rxd4 42. cxd4 a3 43. Rc5 a2 44. Rc1 Nc3 45. Ra1 1-0

[Event "World University-ch (Women) 13th"]
[Site "Katowice"]
[Date "2014.08.18"]
[Round "1"]
[White "Enkhtuul, Altanulzii"]
[Black "Sun, Xinyue"]
[Result "1/2-1/2"]
[WhiteElo "2300"]
[BlackElo "2042"]
[PlyCount "71"]
[EventDate "2014.08.18"]
[EventType "swiss"]
[EventRounds "9"]
[EventCountry "POL"]
[SourceTitle "CBM 161 Extra"]
[Source "ChessBase"]
[SourceDate "2014.08.29"]
[SourceVersion "1"]
[SourceVersionDate "2014.08.29"]
[SourceQuality "1"]

1. Nf3 Nf6 2. d4 c5 3. d5 e6 4. dxe6 fxe6 5. g3 d5 6. Bg2 Bd6 7. 0-0 0-0 8. Nc3 Nc6 9. Re1 d4 10. Nb5 Bb8 11. c3 a6 12. Na3 e5 13. cxd4 exd4 14. Qb3+ Kh8 15. e3 Ng4 16. exd4 Nxd4 17. Nxd4 Qxd4 18. Be3 Nxe3 19. Rxe3 Ba7 20. Rd1 Qb4 21. Qd5 c4 22. Re4 Qxb2 23. Nxc4 Qxf2+ 24. Kh1 Qc5 25. Qxc5 Bxc5 26. Re5 Bb4 27. Rc1 Rd8 28. Nb6 Rb8 29. Nxc8 Rdxc8 30. Rxc8+ Rxc8 31. Bxb7 Rc1+ 32. Kg2 Rc2+ 33. Kf3 g6 34. Re2 Rxe2 35. Kxe2 a5 36. a4 1/2-1/2

[Event "CHN-chT"]
[Site "Beijing"]
[Date "2012.07.14"]
[Round "10"]
[White "Sun, Xinyue"]
[Black "Tan, Zhongyi"]
[Result "0-1"]
[WhiteElo "2028"]
[BlackElo "2438"]
[PlyCount "82"]
[EventDate "2012.04.28"]
[EventType "team-tourn"]
[EventRounds "22"]
[EventCountry "CHN"]
[SourceTitle "EXT 2013"]
[Source "ChessBase"]
[SourceDate "2012.11.22"]
[SourceVersion "1"]
[SourceVersionDate "2012.11.22"]
[SourceQuality "1"]
[WhiteTeam "Shandong"]
[BlackTeam "Chongqing"]
[WhiteTeamCountry "CHN"]
[BlackTeamCountry "CHN"]

1. e4 d6 2. d4 Nf6 3. Nc3 g6 4. Be2 Bg7 5. Nf3 0-0 6. 0-0 a6 7. a4 b6 8. Re1 Bb7 9. Bd3 Nc6 10. h3 e5 11. dxe5 dxe5 12. Bd2 Qd6 13. Qc1 Rfe8 14. Bc4 Nd4 15. Ng5 Re7 16. h4 Rd8 17. Bd3 h6 18. Nh3 Bc8 19. Re3 c6 20. Kf1 a5 21. Ng1 Ng4 22. Rh3 Be6 23. h5 g5 24. Nge2 Nf6 25. Rh1 Nxc2 26. Bxg5 Qxd3 27. Bxh6 Bxh6 28. Qxh6 Nxa1 29. Qg5+ Kh7 30. f3 Ng8 31. Qxe5 Nc2 32. h6 f6 33. Qh5 Qd2 34. Qh4 Bc4 35. e5 Bxe2+ 36. Nxe2 Rxe5 37. Kg1 Rxe2 38. Rh3 Rxg2+ 39. Kh1 Qd1+ 40. Kxg2 Rd2+ 41. Kg3 Qe1+ 0-1